MARC

LEADER 00000nam0a2200000 4500
001 304307
005 20231102001704.0
020 |a RU  |b 83-37970 
035 |a (RuTPU)RU\TPU\book\329542 
090 |a 304307 
100 |a 20150912d1983 m y0rusy5003 ca 
101 0 |a rus 
102 |a BY 
105 |a a z 000zy 
200 1 |a Техника и организация умственного труда  |f В. В. Федотов 
210 |a Минск  |c Вышэйшая школа  |d 1983 
215 |a 144 с.  |c ил. 
606 1 |a Умственный труд  |x Научно-исследовательская работа  |2 stltpush  |3 (RuTPU)RU\TPU\subj\63043  |9 80092 
610 1 |a организация 
610 1 |a техника 
610 1 |a рабочее место 
610 1 |a техническое оснащение 
610 1 |a информация 
610 1 |a поиск 
610 1 |a чтение 
610 1 |a личный архив 
610 1 |a литературный труд 
610 1 |a личная работа 
686 |a Ч215  |2 rubbk 
700 1 |a Федотов  |b В. В.  |g Василий Васильевич  |4 070 
801 0 |a RU  |b RuMRKP  |c 19950704  |g psbo 
801 1 |a RU  |b 63413507  |c 20150912 
801 2 |a RU  |b 63413507  |c 20220111  |g RCR 
942 |c BK